000
00337nam a2200145Ia 4500
005
20251222152651.0
008
251222s9999||||xx |||||||||||||| ||spa||
020
_a
8425304040
082
_a
800/N38
100
_a
Nelson, Walter Henry
245
0
_a
La Pequeña Maravilla
250
_a
1ra.ed.
264
_b
Grijalbo S.A.
942
_c
LIB
999
_c
28452
_d
28452